| 000 | 00923nas a2200313 4500 | ||
|---|---|---|---|
| 001 | BR8711924 | ||
| 003 | BR-BrBNA | ||
| 005 | 20231205091012.0 | ||
| 007 | ta | ||
| 008 | 230509b bl.|||p| |||| 00| 00por d | ||
| 040 |
_aBR-BrBNA _bpor _cBiblioteca Nacional de Agricultura |
||
| 041 | _a(Pt) | ||
| 072 | _aF02; F01 | ||
| 100 | 1 | _aBarbosa, W.B. | |
| 100 | 1 | _aCampo Dall'Orto, F.A. | |
| 100 | 1 | _aOjima, M. | |
| 100 | 1 | _aCampos, S.A.F. de | |
| 100 | 1 | _aTombolato, A.F.C. | |
| 245 | 1 | _aPropagacao vegetativa in vitro de cultivares de macieira | |
| 246 | 1 | _aIn vitro propagation on apple cultivars in Brazil | |
| 650 | _aMACA | ||
| 650 | _aVARIEDADE | ||
| 650 | _aREPRODUCAO VEGETAL | ||
| 650 | _aMERISTEMA | ||
| 650 | _aREGULADOR DE CRESCIMENTO | ||
| 773 | 0 |
_tBragantia (Brazil) _xISSN 0006-8705 _g(1986), v. 45(1) p. 143-154 _wBR8711924 |
|
| 909 |
_a202311 _bLúcia _c55 _dLúcia Elande |
||
| 942 |
_2AGRIS _n0 _cANA |
||
| 999 |
_c122146 _d122146 |
||